Malá sóla. violino e piano / 3

Main Author: Novotný, Břetislav, 1924-2019
Language: Czech
Published: Praha : Státní nakladatelství krásné literatury, hudby a umění, 1961
Edition: 1. vyd.
Physical Description: 8, 22 s.
Musical Score Musical Score
Saved in:
LEADER 00756ncm a22002052a 4500
001 000486463
003 CZ BrMZK
005 20120712080953.0
008 000105s1961 xr f cze d
040 |a BOA001  |b cze 
072 7 |a 787  |x Hudba pro strunné a smyčcové nástroje  |2 Konspekt  |9 9 
100 1 |a Novotný, Břetislav,  |d 1924-2019  |7 ola200203030  |4 arr 
245 1 0 |a Malá sóla.  |n 3  |h [hudebnina] :  |b violino e piano /  |c upravil Břetislav Novotný 
250 |a 1. vyd. 
260 |a Praha :  |b Státní nakladatelství krásné literatury, hudby a umění,  |c 1961 
300 |a 8, 22 s. 
910 |a BOA001  |b Mus4-0417.504,3 
990 |a MU 
991 |b 201207 
996 6 |b 2619753646  |c Mus4-0417.504,3  |l MZK  |r Sklad / do 1 hodiny  |n 2  |w 000486463  |u 000010  |a 1  |e BOA001  |j MZK50  |s P